Представление документа в формате RUSMARC

ПолеНазваниеЗначение
  Тип записи a
  Библиографический уровень m
001 Контрольный номер RU/ГПНТБ России/KNIGADB/84(2=411.2)6/В 18-726214472
005 Дата корректировки 20221221091225.9
010 Индекс ISBN __
a ISBN 978-5-91759-476-7
9 Тираж 3000 экз.
d Цена 373-00
100 Данные общей обработки __
a Данные общей обработки 20211223d2018 de y0rusy028902 ca
101 Язык документа 0_
a Язык текста rus
102 Страна публикации __
a Страна публикации RU
105 Кодированные данные (монография) __
a Кодированные данные (монография) y z 000ay
181 Поле кодированных данных: вид содержания _0
a Код вида содержания (ISBD) i
182 Поле кодированных данных: тип средства _0
a Код типа средства (ISBD) n
200 Заглавие и сведения об ответственности 1_
a Заглавие Правило 69 для толстой чайки
e Сведения, относящиеся к заглавию для среднего и старшего школьного возраста
f Первые сведения об ответственности Дарья Варденбург
203 Вид содержания и тип средства __
a Вид содержания Текст
c Тип средства непосредственный
210 Выходные данные 1_
a Место издания Москва
c Издательство Самокат
d Дата издания 2018
215 Физическое описание __
a Объем 157, [1] с.
d Формат 20 см
225 Серия 2_
a Серия Встречное движение
330 Аннотация __
a Аннотация Одиночная кругосветка - давняя мечта Якоба Беккера. Ну и что, что ему тринадцать! Смогла же Лаура Деккер в свои шестнадцать. И он сможет, надо только научиться ходить под парусом. Записаться в секцию легко. А вот заниматься... Оказывается яхтсмены не сразу выходят в открытое море, сначала надо запомнить кучу правил. Да ещё постоянно меняются тренеры, попробуй тут научись. А если у тебя к тому же проблемы с общением, или проблемы с устной речью, или то и другое вместе - дело еще усложняется... Для среднего и старшего школьного возраста.
333 Примечание о целевом назначении __
a Примечание о целевом назначении 12+. Для детей старше 12 лет
606 Тематические рубрики __
a Основная рубрика Художественная литература
2 Код системы nlr_sh
606 Тематические рубрики __
2 Код системы nlr_sh
a Основная рубрика Современная русская литература (произведения)
610 Ключевые слова 0_
a Ключевые слова русская литература
610 Ключевые слова 0_
a Ключевые слова современная литература
610 Ключевые слова 0_
a Ключевые слова подростковая литература
610 Ключевые слова 0_
a Ключевые слова детская литература
610 Ключевые слова 0_
a Ключевые слова тема путешествий
610 Ключевые слова 0_
a Ключевые слова путешествия
610 Ключевые слова 0_
a Ключевые слова кругосветные путешествия
610 Ключевые слова 0_
a Ключевые слова тема моря
610 Ключевые слова 0_
a Ключевые слова моря
610 Ключевые слова 0_
a Ключевые слова тема подростковых переживаний
610 Ключевые слова 0_
a Ключевые слова подростковые проблемы
686 Индексы других классификаций __
2 Код системы rubbks
a Классификационный индекс 84(2=411.2)6-4; ст84(2=411.2)6-4
700 Автор _1
a Фамилия Варденбург
b Имя Д.
g Полное личное имя Дарья
4 Код отношения 070
801 Источник записи _0
b Организация ГПНТБ России
a Страна RU
c Дата составления 20211223
g Правила каталогизации PSBO
801 Источник записи _1
b Организация ГПНТБ России
a Страна RU
c Дата составления 20211223
g Правила каталогизации PSBO
852 Данные о местонахождении 5_
j Шифр хранения 84(2=411.2)6-4
i Авторский знак В 18
900 Макрообъекты __
a Макрообъекты Правило 69 для толстой чайки , 2018
901 Тип документа __
a Ответственный КиК/Обаева
t Тип документа m
903 Характеристики (МАРС) __
a Дата передачи 20220121
c Наименование библиотеки (МАРС) Муниципальное бюджетное учреждение культуры "Централизованная библиотечная система" г. Сургут (Центральная городская библиотека им. А. С. Пушкина)
969 Тип издания __
a Тип издания издание для подростков
a Тип издания издание для детей
990 Данные о заказе (DOS) __
j Количество экземпляров (DOS) 1
t N записи в КСУ для И/У (DOS) 202202